000 00769nam a2200253 i 4500
003 DO-SdBNP
005 20231115072520.0
006 a||||br|||| 00| 0
007 ta
008 231113e2003 dr a ||| |||| 00| 0 spa d
020 _a8466724427
040 _aDO-SdBNP
_bspa
_cBNPHU
_erda
082 4 _222
_bF954L
100 1 _aFuentes Zaragoza, Ma. Isabel,
_929576
_eautora
245 1 0 _aLengua española 1:
264 _aSanto Domingo :
_bSecretaría de Estado de Educación,
_bAnaya,
_c2004
300 _a191 páginas :
_bIlustraciones ;
_c28 cm.
336 _2rdacontent
_atexto
_btxt
337 _2rdamedia
_asin mediación
_bn
338 _2rdacarrier
_avolumen
_bnc
500 _aPrimer grado. Nivel básico.
590 _aInventariado 2023 / MF
942 _2ddc
_cLBS1
999 _c55470
_d55470